000 01142nam a2200205Ia 4500
999 _c46192
_d46192
001 13025
003 GE_BSU
005 20240712174039.0
008 181216s2010||||ge |||||||||||||| ||geo||
020 _a9789941131509
040 _cGE_BSU
041 _ageo
080 _a930(479.22)(063) ი-36
245 _aივანე ჯავახიშვილის დაბადების 130 წლისთავისადმი მიძღვნილი სამეცნიერო კონფერენცია :
_b2006 წელი /
_cრედაქტორი ზურაბ გაიპარაშვილი.
264 _aთბილისი :
_bთბილისის უნ-ტის გამ-ბა,
_c2010.
300 _a135 გვ. ;
_c29 სმ.
653 _aივანე ჯავახიშვილის დაბადების 130 წლისთავისადმი მიძღვნილი სამეცნიერო კონფერენცია
700 _a გაიპარაშვილი, ზურაბ
_eრედაქტორი
_922820
942 _cBK
_2udc